<?xml version="1.0" encoding="UTF-8"?>
<collection xmlns="http://www.loc.gov/MARC21/slim">
 <record>
  <leader>     na                 </leader>
  <controlfield tag="001">INLIS000000000002960</controlfield>
  <controlfield tag="005">20211124020846</controlfield>
  <datafield tag="035" ind1=" " ind2=" ">
   <subfield code="a">0010-0621002560</subfield>
  </datafield>
  <controlfield tag="008">211124                g          0 ind  </controlfield>
  <datafield tag="245" ind1="1" ind2=" ">
   <subfield code="a">Konstruksi Ruang Baja</subfield>
  </datafield>
  <datafield tag="100" ind1="1" ind2=" ">
   <subfield code="a">Makowski, Z.S</subfield>
  </datafield>
  <datafield tag="260" ind1=" " ind2=" ">
   <subfield code="a">Bandung :</subfield>
   <subfield code="b">ITB,</subfield>
   <subfield code="c">1988</subfield>
  </datafield>
  <datafield tag="300" ind1=" " ind2=" ">
   <subfield code="a">197 hlm. ;</subfield>
   <subfield code="c">24 cm.</subfield>
  </datafield>
  <datafield tag="020" ind1=" " ind2=" ">
   <subfield code="a">979-8001-20-6</subfield>
  </datafield>
  <datafield tag="084" ind1=" " ind2=" ">
   <subfield code="a">691 MAK k</subfield>
  </datafield>
  <datafield tag="520" ind1=" " ind2=" ">
   <subfield code="a">Konstruksi Ruang Baja Kita hidup pada zaman konstruksi ringan dan dematerialisasi, yang dapat diartikan pengurangan jumlah bahan bangunan yang digunakan pada setiap satuan kekuatan berfungsi, satuan kapasitas produksi, atau satuan pemanfaatan ruang. Arsitektur masa kini harus dapat memahami kekhasan seni teknik. Menyebarkan beban, membagi-bagi gaya, menyusutkan momen, menggunakan secara maksimum bahan bangunan makin lama makin mewarnai pekerjaan para arsitek dan insinyur. Semua langkah keria ini merupakan pula ciri bentuk konstruksi baru struktur ruang. Dalam arsitektur baru ini, yaitu arsitektur bentukdan matra, faedah teknik dan keindahan arsitektur terpadu erat dan selaras. Struktur ruang, sampai batas tertentu, dapat dianggap sebagai pemekaran, sistem terali tradisonal di dalam ruang. Pada sistem terali tradisional,semua garis kerja gaya terdapat pada satu bidang. Sebaliknya dalam struktur ruang, garis kerja gaya menyebar, bercabang-cabang di dalam ruang. Sebagian besar tegangan menjadi seimbang dan membentuk secara nyata suatu medan gaya yang homogen tanpa titik beban khusus, serta kepada struktur memberi daya tahan yang besar terhadap pembebanan luar. Tegangan dalam menyusut, dan bersamaan dengan ini bagian yang penting dari elemen tarik dan tekanan juga menyusut, yang mengakibatkan pcnghematan bahan bangunan yang tldak sedikit. Pemakaian baja untuk bahan pembentukan struktur ruang menambah lagi keuntungan seperti dinyatakan di atas, karena logam ini mempunyai daya tahan yang besar terhadap patahan yang disebabkan oleh berbagai beban bergerak mekanis. Pada masa kini tidak jarang ditemukan atap atau dinding yang dibangun dengan bentuk struktur ruang baja, dengan berat satuan 5 kg/m2. Bahkan sudah dipertimbangkan kemungkinan untuk mendirikan bangunan dengan harga per m3 hanya mencapai beberapa persen dari harga konstruksi tradisional. Tujuan buku ini hendak menunjukkan kepada para arsitek dan insinyur berbagai kemungkinan yang luas dari konstruksi ruang dengan bantuan gambar dan foto dari bangunan yang tetah dilaksanakan. Konstruksi ruang ini mempunyai masa depan yang gemilang dengan syarat bahwa para arsitek mempunyai daya khayal yang kuat serta keberanian dalam konsep arsitekturmereka, dan bahwa para insinyur tidak ragu menanggapi masalah rumit dari kemantapan konstruksi yang dapat mereka pecahkan dengan bantuan alat elektronik.</subfield>
  </datafield>
  <datafield tag="082" ind1=" " ind2=" ">
   <subfield code="a">691</subfield>
  </datafield>
  <datafield tag="650" ind1=" " ind2="4">
   <subfield code="a">Konstruksi Baja</subfield>
  </datafield>
  <datafield tag="990" ind1=" " ind2=" ">
   <subfield code="a">026053</subfield>
  </datafield>
  <datafield tag="990" ind1=" " ind2=" ">
   <subfield code="a">026054</subfield>
  </datafield>
  <datafield tag="990" ind1=" " ind2=" ">
   <subfield code="a">026055</subfield>
  </datafield>
  <datafield tag="990" ind1=" " ind2=" ">
   <subfield code="a">026057</subfield>
  </datafield>
 </record>
</collection>
